Nature and growth of culture traditions of Islam (Record no. 765876)

MARC details
000 -LEADER
fixed length control field 00550nam a22002057a 4500
005 - DATE AND TIME OF LATEST TRANSACTION
control field 20240801155110.0
008 - FIXED-LENGTH DATA ELEMENTS--GENERAL INFORMATION
fixed length control field 240801b sa ||||| |||| 00| 0 eng d
020 ## - INTERNATIONAL STANDARD BOOK NUMBER
International Standard Book Number <a href="9789351117285">9789351117285</a>
040 ## - CATALOGING SOURCE
Original cataloging agency RDA
Transcribing agency 3228
041 ## - LANGUAGE CODE
Language English
082 ## - DEWEY DECIMAL CLASSIFICATION NUMBER
Classification number 133 AHME
942 ## - ADDED ENTRY ELEMENTS
Creator ID 396
Creator Name Zanele Zitha
Modifier ID 396
Modifier Name Zanele Zitha
100 ## - MAIN ENTRY--PERSONAL NAME
Personal name Taukir Ahmed
245 ## - TITLE STATEMENT
Title Nature and growth of culture traditions of Islam
260 ## - PUBLICATION, DISTRIBUTION, ETC.
Place of publication, distribution, etc. India:
Name of publisher, distributor, etc. Random Publications;
Date of publication, distribution, etc. 2015.
300 ## - PHYSICAL DESCRIPTION
Extent vi; 296 pages
Dimensions 23 cm
521 ## - TARGET AUDIENCE NOTE
Target audience note Adult
942 ## - ADDED ENTRY ELEMENTS
Source of classification or shelving scheme Dewey Decimal Classification
942 ## - ADDED ENTRY ELEMENTS
Source of classification or shelving scheme Dewey Decimal Classification
item type Book
Holdings
Withdrawn status Lost status Source of classification or shelving scheme Damaged status Not for loan Home library Current library Shelving location Date acquired Total Checkouts Full call number Barcode Date last seen Price effective from item type
    Dewey Decimal Classification     Sabie Public Library (Closed for renovations) Sabie Public Library (Closed for renovations) Non Fiction 25.09.2024   133 AHME 3228024712851 25.09.2024 25.09.2024 Book